000 00181 a2200097 4500
020 _a9780545021869
041 _aspa
100 _aTracey West
245 _atrucos de elfo
942 _cBK
999 _c8537
_d8537